书目信息 |
| 题名: |
哈佛商学院管理全书
|
|
| 作者: | ;哈佛商学院教程研究工作室 主编 | |
| 分册: | ||
| 出版信息: | 北京 中央编译出版社 2012.07 |
|
| 页数: | 892页 | |
| 开本: | 20cm | |
| 丛书名: | ||
| 单 册: | ||
| 中图分类: | F270 | |
| 科图分类: | ||
| 主题词: | 企业经济 | |
| 电子资源: | ||
| ISBN: | 7-5117-1422-6 | |
| 000 | 00654nam0 2200181 450 | |
| 001 | 1761630443 | |
| 005 | 20210512113543.72 | |
| 010 | @a7-5117-1422-6@dCNY68.00 | |
| 100 | @a20170608d2012 km y0chiy0120 ea | |
| 101 | 0 | @achi |
| 200 | 1 | @a哈佛商学院管理全书@Aha fo shang xue yuan guan li quan shu@f哈佛商学院教程研究工作室主编@Fha fo shang xue yuan jiao cheng yan jiu gong zuo shi zhu bian |
| 210 | @a北京@c中央编译出版社@d2012.07 | |
| 215 | @a892页@d20cm | |
| 606 | 0 | @a企业经济 |
| 690 | @aF270@v4 | |
| 711 | 02 | @a哈佛商学院教程研究工作室@Aha fo shang xue yuan jiao cheng yan jiu gong zuo shi@4主编 |
| 801 | 0 | @aCN@bMUSE@c20210512 |
| 905 | @aMUSE@dF270@eH0232:3 | |
| 哈佛商学院管理全书/哈佛商学院教程研究工作室主编.-北京:中央编译出版社,2012.07 |
| 892页;20cm |
| ISBN 7-5117-1422-6:CNY68.00 |
| ● |
| 相关链接 |
|
|
|
正题名:哈佛商学院管理全书
索取号:F270/H0232:3
 
预约/预借
| 序号 | 登录号 | 条形码 | 馆藏地/架位号 | 状态 | 备注 |
| 1 | 1236328 | 212363280 | 建筑与城市规划学院资料室/ [索取号:F270/H0232:3] | 在馆 |